| 000 | 00584cam a2200217 4500 | ||
|---|---|---|---|
| 008 | 090401t1997 xxu||||| |||| 00| 0 eng d | ||
| 020 | _a0333675150 | ||
| 035 | _a(Sirsi) u83034 | ||
| 041 | _aeng | ||
| 050 | _a333.33025 | ||
| 110 |
_aRoyal Institution of Chartered Surveyors _94900 |
||
| 245 | _aList of members 1998. | ||
| 260 |
_aLondon _bMacMillan _c1997 |
||
| 300 | _a921p. ; 25cm. | ||
| 350 | _a63 | ||
| 650 | _aABOUT RICS-RICS MEMBERS | ||
| 650 | _aDIRECTORIES | ||
| 690 | _aMANAGEMENT-BUSINESS MANAGEMENT-PROFESSIONAL PRACTICE | ||
| 942 | _n0 | ||
| 948 | _c09/01/1998 | ||
| 999 |
_c96853 _d96853 |
||